Comment rester compétitif dans l'économie mondiale : (Record no. 109273)

MARC details
000 -LEADER
campo de control de longitud fija 00796nam a2200253La 4500
001 - NÚMERO DE CONTROL
campo de control 73923
005 - FECHA Y HORA DE LA ÚLTIMA TRANSACCIÓN
campo de control 20230411085921.0
008 - DATOS DE LONGITUD FIJA--INFORMACIÓN GENERAL
campo de control de longitud fija 071210s2007 fr a i000 0 fre d
035 ## - NÚMERO DE CONTROL DEL SISTEMA
Número de control de sistema (OCoLC)ocn428145237
040 ## - FUENTE DE CATALOGACIÓN
Centro catalogador/agencia de origen SZ9XM
Centro/agencia transcriptor SZ9XM
016 7# - NÚMERO DE CONTROL DE UNA AGENCIA BIBLIOGRÁFICA NACIONAL
Número de control del registro vtls001518608
Fuente Sz
020 ## - NÚMERO INTERNACIONAL ESTÁNDAR DEL LIBRO
Número Internacional Estándar del Libro 9789264034266
020 ## - NÚMERO INTERNACIONAL ESTÁNDAR DEL LIBRO
Número Internacional Estándar del Libro 9264034269
035 ## - NÚMERO DE CONTROL DEL SISTEMA
Número de control de sistema (OCoLC)428145237
037 ## - FUENTE DE ADQUISICIÓN
Número de adquisición 92 2007 05 2 P
Fuente del número de adquisición OCDE
049 ## - FONDOS LOCALES (OCLC)
Biblioteca depositaria GRAL
050 14 - SIGNATURA TOPOGRÁFICA DE LA BIBLIOTECA DEL CONGRESO
Número de clasificación
245 00 - MENCIÓN DEL TÍTULO
Título Comment rester compétitif dans l'économie mondiale :
Resto del título progresser dans la chaíne de valeur.
260 ## - PUBLICACIÓN, DISTRIBUCIÓN, ETC.
Lugar de publicación, distribución, etc. Paris :
Nombre del editor, distribuidor, etc. OCDE, Organisation de coopération et de développement économiques,
Fecha de publicación, distribución, etc. 2007.
300 ## - DESCRIPCIÓN FÍSICA
Extensión 135 p. :
Otras características físicas ill. ;
Dimensiones 27 cm.
710 2# - ENTRADA AGREGADA--NOMBRE DE ENTIDAD CORPORATIVA
Nombre de entidad corporativa o nombre de jurisdicción como elemento de entrada Organisation for Economic Co-operation and Development.
942 ## - ELEMENTOS DE ENTRADA SECUNDARIOS (KOHA)
Fuente del sistema de clasificación o colocación Clasificación de Library of Congress
Tipo de ítem Koha
994 ## -
-- C0
-- DRFGD
Holdings
Estatus retirado Estado de pérdida Fuente del sistema de clasificación o colocación Estado de daño No para préstamo Colección Biblioteca de origen Biblioteca actual Ubicación en estantería Fecha de adquisición Código de barras Visto por última vez Copia número Tipo de ítem Koha
    Clasificación de Library of Congress     Automatización y Procesos Técnicos Biblioteca Juan Bosch Biblioteca Juan Bosch Automatización y Procesos Técnicos (1er. Piso) 11/04/2023 00000064042 17/02/2019 1